[Event "Israel Championship 2021"]
[Site "Haifa"]
[Date "2021.03.11"]
[Round "5.3"]
[White "Rozen, Eytan"]
[Black "Gorodetsky, David"]
[Result "1/2-1/2"]
[WhiteElo "2399"]
[BlackElo "2495"]
[Annotator "TA"]
[PlyCount "146"]
[EventDate "2021.01.10"]
[EventType "swiss"]
[EventCountry "ISR"]
[SourceTitle "playchess.com"]
[Source "ChessBase"]
[SourceQuality "1"]

{[%evp 10,146,6,4,11,8,40,10,29,5,19,0,6,0,0,0,0,0,0,0,-9,-8,-10,0,0,-7,-7,0,0,-7,-7,-6,-5,-10,0,-29,-18,-26,-16,-19,0,-22,-14,-25,0,-35,-14,-44,-44,-44,-44,-44,-44,-44,-44,-44,-19,-44,-44,-44,-44,-44,-44,-44,-51,-58,-44,-58,-49,-54,-47,-49,-44,-44,0,-36,-31,-153,-152,-147,-153,-175,-197,-194,-186,-194,-195,-248,-117,-108,-56,-47,-61,-201,-2,-8,-8,-399,-399,-435,-412,-412,-326,-728,-605,-658,-589,-488,-429,-302,-266,-1255,-1101,-1030,-975,-2365,-2084,-1391,-140,-117,-8,-8,-8,-8,-8,-8,-8,-8,-8,-8,-8,-8,-8,-8,0,0,0,0,0]} 1. c4 e5 2. g3 c6 3. Nf3 e4 4. Nd4 d5 5. cxd5 Qxd5 6. e3 Nf6 {A20: English Opening: 1...e5.} 7. Bg2 Qe5 8. d3 exd3 9. Qxd3 Bc5 10. O-O O-O {[#]} 11. b3 $146 ({Predecessor:} 11. Nc3 Rd8 12. Qc2 Na6 13. a3 Bxd4 14. exd4 Qf5 15. Qa4 Nc7 16. Bf4 Ne6 17. Be5 {1-0 (29) Zwardon,V (2424)-Dhulipalla,B (2268) Pardubice 2018}) 11... Bxd4 12. Qxd4 Qxd4 13. exd4 Be6 14. Nc3 Rd8 15. Rd1 Nd5 16. Ne4 Bf5 17. Bb2 Bxe4 18. Bxe4 Na6 19. h4 Nac7 20. Kg2 Ne6 21. Bf5 Ndc7 22. f4 Rd6 23. Rd2 Rad8 {[%cal Re6d4]} 24. Rad1 h5 25. Be4 Nd5 26. Kf3 Nf6 27. Bf5 (27. Bc2 {with more complications.} R6d7 28. a4 Nc7 29. Re2 Ne6 30. Red2) 27... Rd5 (27... g6 {is interesting.} 28. Bc2 Rd5 29. b4 a6 30. a4 R5d6) 28. Bxe6 (28. Bd3 {is more complex.} R5d7 29. Kg2 Ng4 30. Kf3 g6 31. Bc4) 28... fxe6 29. Re1 Kf7 30. Rde2 Re8 31. Re5 g6 32. a4 Rd7 33. R1e2 Ng4 34. R5e4 Nh6 35. Re1 Nf5 36. Kf2 Rd6 37. R1e2 Red8 38. Re5 Nh6 {aiming for ...Ng4+.} 39. Kf3 Ng4 40. R5e4 Nf6 41. Re5 Ng4 42. R5e4 c5 43. Rc2 (43. dxc5 $15 Rd3+ 44. Kg2) 43... Rb6 $36 {[%mdl 2048] Black is on the roll.} ({Reject} 43... cxd4 $6 44. Rc7+ Kg8 45. Ke2 $15) 44. Rc3 c4 ({Don't play} 44... cxd4 $6 45. Rd3 $11) (44... Rxd4 $6 45. Rxd4 cxd4 46. Rc7+ Ke8 47. Bxd4 $11) 45. Re2 Rxb3 46. Rxb3 cxb3 $19 {[%mdl 4096] Endgame KRB-KRN} 47. Rd2 b5 48. a5 (48. axb5 {was necessary.} Rb8 49. Rd3) 48... Rd5 (48... Rc8 $19 49. Rd3 Nh2+ 50. Ke3 Nf1+ 51. Kf2 Rc2+ {[%mdl 64] Double Attack} 52. Kxf1 Rxb2) 49. Rd3 $17 e5 (49... b4 $17 50. Rxb3 Rb5) 50. Rxb3 $15 {[%cal Rf4e5]} exd4 {Strongly threatening ...d3.} 51. Rd3 (51. Ke4 $1 $15 Nf6+ 52. Kd3) 51... Nh6 $2 (51... Ke6 $19 52. a6 Rd6 53. Bxd4 b4) 52. Ke4 $11 Ke6 53. Bxd4 $2 {[%mdl 8192]} (53. Rxd4 $11 Rc5 54. Rd8) 53... Nf5 $1 $19 54. Bxa7 Nd6+ 55. Ke3 Nc4+ {[%mdl 64] Double Attack} 56. Ke4 $2 (56. Ke2 Rxd3 57. Kxd3 Nxa5 58. Bb6) 56... Rxd3 $1 57. Kxd3 {Black must now prevent a6.} Nxa5 {KB-KN} 58. Ke4 Nc6 59. Be3 b4 {[%cal Bb5b4,Bb4b3][%mdl 32]} 60. Bd2 $2 {[#]} (60. Bc1) 60... b3 $1 61. Bc3 Ne7 62. Ba1 Nf5 63. Kf3 Nh6 $2 (63... Nd6 $19 {...Kf5 is the strong threat.} 64. g4 Nc4 65. f5+ gxf5 66. gxh5 b2 67. Bxb2 Nxb2) 64. Ke4 $17 {[#]} Ng4 ({Better is} 64... Kf7 $1 $17 65. Bc3 Ke6 66. f5+ gxf5+ 67. Kf4 Ng4) 65. f5+ $1 $11 {The position is equal.} gxf5+ 66. Kf4 $1 Nf2 67. Kg5 Ne4+ 68. Kxh5 Nxg3+ (68... Kd5 $5 69. Kg6 $8 Nxg3 $11) 69. Kg5 Ne4+ 70. Kf4 Nf6 71. Kg5 Nh7+ 72. Kf4 Nf8 73. h5 Nh7 {Black had all chances to win.  Weighted Error Value: White=0.47/Black=0.13} 1/2-1/2

[Event "Israel Championship 2021"]
[Site "Haifa"]
[Date "2021.03.11"]
[Round "5.4"]
[White "Mikhalevski, Victor"]
[Black "Kraus, Ohad"]
[Result "1-0"]
[WhiteElo "2552"]
[BlackElo "2363"]
[Annotator "TA"]
[PlyCount "57"]
[EventDate "2021.01.10"]
[EventType "swiss"]
[EventCountry "ISR"]
[SourceTitle "playchess.com"]
[Source "ChessBase"]
[SourceQuality "1"]

{[%evp 21,57,26,47,14,43,35,42,39,31,27,48,43,56,56,138,139,246,239,241,258,235,249,242,239,244,214,472,462,458,416,949,930,906,891,1113,1097,2026,1283]} 1. d4 Nf6 2. c4 g6 3. Nc3 Bg7 4. e4 O-O 5. Nf3 d6 6. Be2 e5 7. O-O Nc6 8. d5 Ne7 9. b4 a5 10. bxa5 $1 {[%mdl 4] is recently more successful than 10.Ba3.} Rxa5 11. a4 b6 12. Bd2 $5 {[%mdl 4] A promising side line. E97: King's Indian: Classical Main Line (6...e5 7 0-0 Nc6): 8 Be3 and 8 d5 Ne7, not 9 Ne1.} Ra8 13. Ne1 Nd7 {[#]} 14. Nd3 $146 {White is slightly better.} ({Predecessor:} 14. Nb5 Nc5 15. f3 f5 16. Qc2 f4 17. Nd3 Nb7 18. Ra2 Na5 19. Bxa5 Rxa5 20. Nc1 {½-½ (37) Anandajeyarajah,S (1707)-Hall,D (2069) Swansea 2006}) 14... f5 15. f3 Nf6 16. Nf2 Re8 17. Nb5 Bf8 (17... Rf8 $14) 18. a5 $16 c6 {[#]} (18... Ba6 $16 {keeps fighting.} 19. axb6 cxb6) 19. dxc6 $1 $18 Nxc6 {[%cal Rb6a5] [#]} 20. Bg5 $1 Kg7 21. exf5 gxf5 22. Bxf6+ Kxf6 23. Qd5 Bd7 (23... Qd7 {was worth a try.}) 24. Qg8 {Ne4+! would kill now.} Bg7 25. Qxh7 {aiming for Ng4+!} Re6 {[#]} (25... Nd4 $142) 26. Ne4+ $1 {[%mdl 576] Double Attack. White is clearly winning.} Kf7 27. Nbxd6+ Kf8 28. Nxf5 Bf6 29. Ng5 {[%csl Gg5][%cal Rh7f7][%mdl 64] Back Rank. Black did not feel at home in the position after the opening.  Weighted Error Value: White=0.02/Black=0.60} 1-0

[Event "Israel Championship 2021"]
[Site "Haifa"]
[Date "2021.03.11"]
[Round "5.5"]
[White "Rechlis, Gad"]
[Black "Birnboim, Nathan"]
[Result "0-1"]
[WhiteElo "2513"]
[BlackElo "2381"]
[Annotator "TA"]
[PlyCount "84"]
[EventDate "2021.01.10"]
[EventType "swiss"]
[EventCountry "ISR"]
[SourceTitle "playchess.com"]
[Source "ChessBase"]
[SourceQuality "1"]

{[%evp 9,84,-1,7,0,-3,2,0,10,22,13,16,11,44,47,54,38,55,40,73,12,16,-7,-23,-92,-94,-99,-96,-108,-110,-333,-327,-331,-328,-327,-323,-306,-287,-322,-319,-314,-321,-319,-318,-388,-309,-300,-277,-371,-366,-376,-356,-401,-394,-403,-402,-456,-456,-669,-668,-725,-723,-756,-716,-1048,-1035,-958,-495,-987,-953,-1121,-1121,-2164,-2119,-2032,-1861,-2264,-2042]} 1. Nf3 Nf6 2. g3 d5 3. Bg2 e6 4. O-O Be7 5. d3 b6 6. e4 {A07: Réti Opening: New York and Capablanca Systems.} dxe4 7. dxe4 {next Qxd8+ is good for White.} Qxd1 8. Rxd1 {White wants to play e5.The position is equal.} Bb7 {[#]} 9. Nc3 $146 {[%cal Bb1c3,Bc3b5,Bb5d4][%mdl 32]} ({Predecessor:} 9. e5 Nfd7 10. Nc3 a6 11. Bf4 h6 12. h4 Nf8 13. h5 Nbd7 14. Nd4 O-O-O 15. g4 {0-1 (43) Seeman,T (2386)-Nakamura,H (2749) Caleta 2019}) 9... Nxe4 10. Ne5 Nc5 11. Nb5 {[%mdl 1024] White has compensation.} Nba6 12. Nc6 Bf6 13. c3 e5 {[#]} 14. b4 (14. Bd5 $1 $16) 14... e4 $11 15. Nbd4 Na4 16. Re1 (16. Bd2 $1 $11 {remains equal.}) 16... Nxc3 $17 {aiming for ...Nxb4!} 17. Bd2 {[#]} O-O $1 18. a3 {[#]} (18. Bxc3 Bxc6) 18... Nb5 $1 {[%cal Rb5d4][%mdl 576] Pin} 19. Bxe4 $2 {White does not recover from this.} (19. Ne7+ $17 {was called for.} Bxe7 20. Nxb5) 19... Nxd4 $19 20. Ne7+ Bxe7 21. Bxb7 Bf6 22. Rac1 {[#] If only White now had time for Re3....} Rad8 $1 23. Bxa6 (23. Be3 Nb8) 23... Nf3+ {[%mdl 64] Double Attack} 24. Kg2 Nxe1+ ({Less strong is} 24... Rxd2 25. Kxf3 Ra2 26. Kg2 $17) 25. Bxe1 Rfe8 26. Kf1 Re7 27. a4 Bd4 28. b5 Bc5 29. Bb7 Rd4 30. a5 Bb4 31. Bxb4 Rxb4 {[%mdl 4096] Endgame KRR-KRB} 32. Rd1 {White wants to mate with Rd8+.} g6 {Black is clearly winning.} 33. a6 (33. axb6 $142 axb6 34. Bc6) 33... Rxb5 34. Rd8+ Kg7 35. Ra8 Ra5 36. Rxa7 c5 37. Ra8 Ra1+ 38. Kg2 Rc7 39. Rd8 c4 40. Rd2 c3 41. Rc2 b5 {[%cal Bb6b5,Bb5b4][%mdl 32]} 42. Kf3 b4 {Weighted Error Value: White=0.49/Black=0.08} 0-1

[Event "Israel Championship 2021"]
[Site "Haifa"]
[Date "2021.03.11"]
[Round "5.6"]
[White "Parkhov, Yair"]
[Black "Gruenfeld, Yehuda"]
[Result "1-0"]
[WhiteElo "2407"]
[BlackElo "2412"]
[Annotator "TA"]
[PlyCount "273"]
[EventDate "2021.01.10"]
[EventType "swiss"]
[EventCountry "ISR"]
[SourceTitle "playchess.com"]
[Source "ChessBase"]
[SourceQuality "1"]

{[%evp 15,273,48,50,8,22,9,17,-35,0,0,73,73,59,-6,0,-43,-47,-94,-97,-125,-125,-319,-316,-322,-315,-320,-299,-323,-98,-114,-107,-110,-100,-100,0,0,0,0,0,0,85,85,85,85,85,85,85,85,85,85,271,0,86,79,78,78,79,64,77,0,79,32,69,8,12,8,12,0,9,0,0,0,111,111,131,131,221,214,540,489,489,443,436,436,436,0,0,0,429,419,5420,5420,5420,4987,5420,5420,5420,5420,5420,5420,5420,5413,5120,5390,5479,5460,5337,5312,4886,5220,5224,5214,6504,5712,5622,5333,5271,5246,5250,5250,5242,5242,4408,781,12805,12812,12799,12806,12808,12802,12799,12799,12804,12799,12804,12799,12796,12762,12659,8530,7330,7230,12814,12798,12798,12483,10254,5640,5539,5220,5221,5221,5221,5220,12466,12458,6620,279,5220,5220,5220,5220,5133,4987,4760,4789,3956,412,5118,4539,4181,0,0,0,0,0,0,0,0,0,0,0,0,0,0,0,0,0,0,0,0,0,0,0,0,0,0,0,0,0,0,0,0,0,0,0,0,0,0,0,0,0,0,0,0,0,0,0,0,0,0,0,0,0,0,0,0,0,0,0,0,0,0,0,0,0,0,0,0,0,0,0,0,0,0,0,2497,1881,1614,0,0,0,604,588,12817,6926,29980,29981,29981,29982]} 1. e4 c5 2. Nf3 d6 3. d4 cxd4 4. Nxd4 Nf6 5. Nc3 a6 6. Bg5 Nc6 {[%cal Bb8c6,Bc6e5,Be5c4][%mdl 32]} 7. Qd2 Qb6 8. Nb3 e6 9. Bf4 {B60: Sicilian: Richter-Rauzer: Unusual Black 6th moves and 6...Bd7 without 7 Qd2.} Qc7 10. O-O-O {[%cal Rf4d6]} Ne5 $1 {[#]} 11. g4 $146 (11. Bg5 $11) ({Predecessor:} 11. Bg5 Be7 12. Bxf6 Bxf6 13. Qxd6 Qxd6 14. Rxd6 Ke7 15. Rb6 Ng4 16. f4 Bxc3 17. bxc3 Nf2 18. Rg1 Nxe4 {0-1 (51) Yankovsky,R (2436)-Gareyev,T (2621) Las Vegas 2014}) 11... h6 12. Bg3 Be7 (12... b5 $11) 13. f4 $1 $16 {[%cal Rf4e5]} Nc4 14. Qe2 (14. Qd4 $14 b5 15. Bxc4 bxc4 16. Nd2) 14... b5 $11 15. Bg2 Bb7 16. Rhe1 Rc8 $1 17. Rd3 b4 18. Nd5 $2 exd5 $19 19. exd5 {[#]} O-O $1 20. g5 (20. Qxe7 Nxb2) 20... hxg5 21. fxg5 Nxd5 22. Bxd5 $17 Bxg5+ 23. Kb1 Bxd5 $1 24. Rxd5 Bf6 (24... Bh6 $17 25. Qd3 Rfe8 26. Rxe8+ Rxe8) 25. Rc5 $1 $11 {[%cal Rc5c7]} Qxc5 26. Nxc5 Rxc5 27. Rf1 Bxb2 (27... Rfc8 $11) 28. Rf4 $1 $16 {[%cal Rf4c4]} Rfc8 {[#]} 29. Rxc4 $1 {[%mdl 64] Remove Defender} Rxc4 30. Kxb2 a5 31. Bxd6 a4 32. Kb1 f6 $2 (32... Rxc2 $16 33. Qxc2 Rxc2 34. Kxc2 b3+ 35. axb3 axb3+ 36. Kxb3 Kh7) 33. a3 $2 ({Better is} 33. Qe6+ $18 Kh8 34. Qh3+ Kg8 35. Qd7) 33... bxa3 (33... Rxc2 $11 34. Qxc2 Rxc2 35. Kxc2 b3+ 36. Kd2 g5) 34. Bxa3 Rxc2 35. Qe6+ ({Much weaker is} 35. Qxc2 Rxc2 36. Kxc2 Kf7 $11) 35... Kh8 36. Qh3+ Kg8 37. Qe6+ Kh8 38. h4 R2c6 39. Qg4 ({White should play} 39. Qf5 $1 $14) 39... Rc4 40. Qh5+ Kg8 41. Qd5+ Kh8 42. h5 Rb8+ 43. Ka1 Rh4 (43... Rc3 $1 $11 {remains equal.} 44. Bd6 Re8) 44. Bc1 Rc8 45. Bd2 Rh2 (45... Rcc4 $16) 46. h6 $1 $18 gxh6 $2 {[#]} (46... Rg8 {is tougher.} 47. Bf4 Rf2) 47. Qf5 $1 Rf8 {[#]} 48. Qg6 $1 Rxd2 49. Qxh6+ {[%mdl 4160] Endgame Double Attack. KQ-KRR} Kg8 50. Qg6+ Kh8 51. Qh6+ {[%mdl 64] Double Attack} Kg8 52. Qxd2 {KQ-KR} Kg7 (52... f5 $142 53. Qf4 Kg7) 53. Qd7+ Rf7 54. Qxa4 Re7 55. Qg4+ Kf7 56. Kb2 Re5 57. Kc3 Rc5+ 58. Kd3 Re5 59. Kd4 Rg5 60. Qd7+ Kg6 61. Qe8+ Kg7 62. Qe7+ Kg6 63. Qf8 Re5 64. Qh8 Kf7 65. Qh7+ Ke6 66. Qg8+ Ke7 67. Qg7+ Ke6 68. Qf8 Kf5 69. Qg8 Re4+ 70. Kd5 Re1 71. Kd6 Re5 72. Qh7+ Kg5 73. Qg7+ Kf5 74. Qg8 Re1 75. Qf7 Kg5 76. Qg7+ Kf5 77. Qh6 Re6+ 78. Kd7 Re5 79. Qh5+ Kf4 80. Qg6 f5 81. Kd6 Re4 82. Qg2 Re8 83. Qg7 Re1 84. Kd5 Re3 85. Qh6+ Kf3 86. Kd4 $2 (86. Qh5+ Kf4 87. Qh6+ Kf3 88. Qh3+ Kf4 89. Qf1+ Kg5 90. Qg1+ Kf4 91. Qf2+ Rf3 92. Qd4+ Kg3 93. Qg1+ Kf4 94. Kd4) 86... Re4+ $2 (86... f4 87. Qh3+ Kf2 88. Qh4+ Kf3) 87. Kd3 Kg4 88. Qg6+ Kf4 89. Qh5 Ke5 90. Qh6 Rd4+ 91. Ke3 {Intending Qg7+ and mate.} f4+ (91... Re4+ $142 92. Kf3 Rg4) 92. Ke2 Re4+ 93. Kf2 $2 (93. Kd3 $1 $18 Rd4+ 94. Kc3) 93... Re3 $11 94. Qg5+ Ke4 95. Qh5 (95. Qh4 {looks sharper.} Rg3 96. Qh7+ Ke5 97. Qe7+ Kf5 98. Qf7+) 95... Rg3 $1 96. Qe8+ Kf5 $1 97. Qe7 Re3 98. Qd6 (98. Qg7 {keeps more tension.} Rg3 99. Qf7+ Ke5 100. Qe7+ Kf5 101. Qf7+) 98... Rg3 99. Qd5+ Kg4 100. Qe4 Kg5 $1 101. Qe6 Re3 102. Qd7 {Threatens to win with Qb5+.} (102. Qa2 {is interesting.} Kf5 103. Qg8 Rg3 104. Qd5+) 102... Rg3 103. Ke2 Re3+ 104. Kd2 Rg3 105. Qd5+ Kg4 106. Qe6+ Kg5 107. Qe5+ (107. Qe1 {seems wilder.} Kf5 108. Kd1 Rd3+ 109. Kc1 Rg3 110. Kb2) 107... Kg4 108. Qf6 {Black must now prevent Qg6+.} Re3 109. Qg6+ Kf3 110. Qf5 {And now Qh3+ would win.} Kg3 111. Qg5+ Kf3 112. Qg6 {Strongly threatening Qg5.} Ra3 $1 113. Qh5+ Kg3 114. Qg5+ Kf3 115. Qh4 Re3 $1 116. Qh3+ Ke4 $1 117. Qg4 (117. Qf1 {is more complex.} Ke5 118. Qb5+ Ke4 119. Qb7+ Ke5 120. Qe7+) 117... Ke5 118. Qg6 {Hoping for Qh7.} Rg3 119. Qh5+ (119. Qb1 {looks sharper.} Re3 120. Qb7 Kf5 121. Qd5+ Re5 122. Qc4) 119... Ke4 120. Ke2 Re3+ 121. Kf1 {aiming for Qg6+.} Rf3+ 122. Kg2 {White wants to mate with Qe8+.} Rg3+ 123. Kf2 Re3 $1 124. Qg6+ (124. Qd1 {with more complications.} Rg3 125. Qa4+ Kf5 126. Qc6 Ke5 127. Ke2) 124... Ke5 125. Qg5+ (125. Qb1 {feels hotter.} Rg3 126. Qb5+ Ke4 127. Qb4+ Ke5 128. Qe7+) 125... Ke4 126. Qf6 {Qe6+ is the strong threat.} Rf3+ 127. Kg2 {Threatening mate with Qe6+.} (127. Ke1 {is more complex.} Re3+ 128. Kf1 Rf3+ 129. Kg2 Rg3+ 130. Kh1) 127... Rg3+ 128. Kh2 Re3 (128... Kf3 {is interesting.} 129. Qd4 Kg4 130. Qd7+ Kf3 131. Qd3+ Kg4) 129. Qe6+ (129. Qa1 {seems wilder.} Kf5 130. Qb1+ Kf6 131. Qb6+ Kf5 132. Qb1+) 129... Kf3 $1 130. Qg6 {[%csl Gh2][%cal Rg6g2]} (130. Qh3+ {keeps more tension.} Ke4 131. Qh7+ Ke5 132. Qe7+ Kf5 133. Qf7+) 130... Re5 $2 {[%mdl 8192]} (130... Re4 $11 131. Kh3 Re2 132. Qd3+ Re3 133. Qd5+ Ke2+ 134. Kg4 f3) 131. Kh3 $1 $18 Re2 132. Qh5+ $2 (132. Qb1 $1 $18 {[%cal Rb1h1]} Re1 133. Qb7+ Re4 134. Qc6) 132... Ke3 $11 133. Kg4 Rg2+ $2 {[%mdl 8192] [#]} (133... Rf2 $11 134. Qc5+ Ke2) 134. Kf5 $1 $18 Rf2 {[#]} 135. Qd1 $1 f3 136. Qg1 Ke2 137. Ke4 {What a fight!  Weighted Error Value: White=0.40/Black=0.43} 1-0

[Event "Israel Championship 2021"]
[Site "Haifa"]
[Date "2021.03.11"]
[Round "5.7"]
[White "Sokolovsky, Yahli"]
[Black "Smirin, Ilia"]
[Result "1-0"]
[WhiteElo "2472"]
[BlackElo "2614"]
[Annotator "TA"]
[PlyCount "47"]
[EventDate "2021.01.10"]
[EventType "swiss"]
[EventCountry "ISR"]
[SourceTitle "playchess.com"]
[Source "ChessBase"]
[SourceQuality "1"]

{[%evp 20,47,34,27,40,26,53,56,52,0,64,65,40,47,56,37,64,64,88,77,291,285,283,272,499,486,805,798,750,720]} 1. e4 e5 2. Nf3 Nc6 3. Bb5 a6 4. Ba4 Nf6 5. O-O Be7 6. Re1 b5 7. Bb3 d6 8. c3 O-O 9. h3 Nd7 {9...Nb8 is becoming the main line.} 10. d4 Nb6 11. Be3 exd4 {C92: Closed Ruy Lopez: 9...Be6, Karpov and Flohr-Zaitsev Variations.} 12. cxd4 Na5 13. Bc2 c5 {White is slightly better.} 14. e5 {[#]} (14. b3 $14) 14... Nbc4 $146 (14... dxe5 $11 15. dxc5 Nbc4) ({Predecessor:} 14... dxe5 15. Nxe5 Nbc4 16. Qh5 g6 17. Nxg6 fxg6 18. Bxg6 hxg6 19. Qxg6+ Kh8 20. Qh6+ {½-½ (20) Monmtella-Cusini corr 1993}) 15. Qd3 $14 {[%csl Gc2][%cal Rd3h7] [#]} g6 16. Bh6 $36 {[%mdl 2048] White has good play.} Nxb2 17. Qe2 {Strongly threatening exd6.} Nbc4 18. Nc3 {exd6 is the strong threat.} dxe5 19. dxe5 Re8 $2 {A mistake that costs the game.} (19... Be6 $16) 20. Rad1 $18 Qc7 21. Nd5 Qa7 (21... Qd8 22. Be4 Rb8) 22. Ng5 {Threatens to win with Qf3.White is clearly winning.} Be6 (22... Bb7 $142 23. Nxf7 Bxd5 24. Rxd5 Bf8) 23. Nxe6 fxe6 {[#]} 24. Qg4 $1 {Weighted Error Value: White=0.06/Black=0.68} 1-0

[Event "Israel Championship 2021"]
[Site "Haifa"]
[Date "2021.03.11"]
[Round "5.9"]
[White "Steinberg, Nitzan"]
[Black "Tzidkiya, Yeshaayahu"]
[Result "0-1"]
[WhiteElo "2553"]
[BlackElo "2380"]
[Annotator "TA"]
[PlyCount "154"]
[EventDate "2021.01.10"]
[EventType "swiss"]
[EventCountry "ISR"]
[SourceTitle "playchess.com"]
[Source "ChessBase"]
[SourceQuality "1"]

{[%evp 19,154,5,21,12,52,54,77,81,79,71,79,68,101,91,76,75,85,82,72,66,117,111,87,62,50,37,34,8,58,47,54,13,40,0,6,6,8,-209,-225,-187,-227,-222,-212,-213,-222,-218,-211,-218,-219,-206,-196,-181,-157,-164,-159,-187,-187,-179,-176,-161,-115,-110,-89,-98,-100,-156,-144,-161,-153,-156,-133,-156,-8,-8,-8,-8,-8,-8,-8,-8,-8,-10,0,-20,0,0,8,8,8,8,8,8,8,8,29,12,13,12,27,35,55,8,8,8,8,-81,-75,-204,-204,-204,-193,-179,-179,-237,-202,-341,-339,-409,-407,-29974,-29975,-29974,-29976,-29976,-29977,-29977,-29977,-29977,-29978,-29978,-29979,-29979,-29980,-29980,-29981,-29981,-29982]} 1. e4 c5 2. Nf3 Nc6 3. Bb5 g6 4. O-O Bg7 5. Re1 Nf6 6. c3 O-O 7. h3 a6 8. Bxc6 dxc6 9. d4 cxd4 10. cxd4 c5 11. d5 {B31: Sicilian: 2...Nc6 3 Bb5 g6.} e6 {[%cal Re6d5]} 12. Bg5 h6 (12... exd5 $2 13. e5 $18) 13. Bxf6 {White is better.} Qxf6 14. e5 Qd8 15. d6 {[#]} f5 $146 ({Predecessor:} 15... b6 16. Nc3 Bb7 17. Re3 Rc8 18. Qe2 Qd7 19. Rd1 b5 20. b3 Bc6 21. h4 a5 {1-0 (47) Balogh,C (2578)-Tisaj,D (2274) Gostovanja 2020}) 16. exf6 Rxf6 17. Nc3 Rf5 18. Qd3 Bd7 19. Rad1 Qf6 (19... g5 $14) 20. Ne4 $16 Qf7 21. Ng3 Rd5 22. Qe3 Rc8 {[%cal Ba8c8,Bc8c6,Bc6d6,Bd6d1][%mdl 32]} 23. b3 b5 24. Ne4 c4 25. b4 Rc6 26. Qa7 (26. Nd4 $5 {[%cal Rd4c6]} Rc8 27. Ne2 $14) 26... Rxd1 27. Rxd1 {aiming for Nc5.} c3 28. Nc5 $2 {[#]} (28. Ne1 $11 {and White stays safe.} c2 29. Rc1) 28... c2 $1 $19 29. Rc1 Rxd6 30. Qb8+ Qf8 31. Qxf8+ Bxf8 32. Rxc2 Rd1+ 33. Kh2 Bd6+ 34. g3 Bc6 35. Ng1 Bd5 36. Nxa6 Ra1 37. Rd2 Kf7 ({Resist} 37... Rxa2 38. Rxa2 Bxa2 39. Ne2 $17) 38. f3 Ke7 ({Don't play} 38... Rxa2 39. Rxa2 Bxa2 40. Ne2 $17) 39. Kg2 Kd7 40. Ne2 Rxa2 41. Rxa2 Bxa2 $17 {[%mdl 4096] Endgame KBB-KNN} 42. Nc3 ({White should play} 42. Nd4) 42... Bc4 43. Ne4 Be7 44. Kf2 {[#]} Kc6 $1 45. Nac5 Ba2 (45... Kd5 $17 {White must now prevent ...Kd4.} 46. Ke3 g5 47. Nc3+ Kc6) 46. Ke3 $1 $11 Bb1 47. Nxe6 Bxb4 48. g4 Ba2 49. Nd4+ Kb6 50. f4 Bf7 51. Nf6 Be7 52. Nd7+ Kc7 53. Ne5 Be8 54. Ne6+ Kb6 55. Ng7 Bc6 56. Nxg6 Bc5+ 57. Kd2 Bb4+ 58. Kd3 Be1 59. Nf5 {Strongly threatening Ne5.} b4 {Threatens to win with ...b3.} 60. Nd4 ({Wrong is} 60. Nxh6 $2 b3 $19) (60. Ne5 {seems wilder.} Ba4 61. Nd6 Bg3 62. Ke3 Bc2 63. Nf5) 60... Bd5 61. Ne7 Ba2 62. f5 (62. Nf3 $11 Bg3 63. f5) 62... b3 $17 {Black continues to play with concentration.} 63. Nd5+ {[#]} (63. Nxb3 $17 {is the only way for White.} Bxb3 64. Ng6) 63... Kb7 $1 $19 {And now ...b2 would win.} 64. Nxb3 Bxb3 65. Ke4 Kc6 66. Nf6 (66. Nf4 $142) 66... Kd6 67. Nh5 (67. Kd4 {was worth a try.}) 67... Bd5+ 68. Ke3 Ke5 69. Nf4 {[#]} (69. Ng7 $19 Bh4 70. Ne6) 69... Bd2+ $1 {[%mdl 576] Deflection. Black mates.} 70. Kxd2 Kxf4 {KB-K3P} 71. Kd3 Kg3 72. Kd4 Ba2 73. Ke5 Kxh3 74. Kf4 Kh4 75. f6 Bf7 76. Kf5 Be8 77. Kf4 Bg6 {Weighted Error Value: White=0.15/Black=0.14} 0-1

[Event "Israel Championship 2021"]
[Site "Haifa"]
[Date "2021.03.11"]
[Round "5.10"]
[White "Dvoirys, Semen I."]
[Black "Haimovich, Tal"]
[Result "1/2-1/2"]
[WhiteElo "2483"]
[BlackElo "2375"]
[Annotator "TA"]
[PlyCount "107"]
[EventDate "2021.01.10"]
[EventType "swiss"]
[EventCountry "ISR"]
[SourceTitle "playchess.com"]
[Source "ChessBase"]
[SourceQuality "1"]

{[%evp 19,107,0,0,0,0,0,12,0,0,-12,103,-15,-20,-29,-29,-29,-31,-30,-30,-29,-22,-22,-22,-23,-22,-23,-22,-23,-23,-23,-22,-38,0,-25,-7,-2,-6,-21,-21,-110,0,0,0,0,0,0,0,0,0,0,0,-45,0,0,0,0,0,0,0,0,0,0,0,0,0,0,0,0,0,0,0,0,0,0,0,0,0,0,0,0,0,0,0,0,0,0,0,0,0,0]} 1. e4 e6 2. d4 d5 3. e5 c5 4. c3 Nc6 5. Nf3 Bd7 6. Be2 Nge7 7. Na3 cxd4 8. cxd4 Nf5 9. Nc2 Qb6 10. O-O Rc8 11. Rb1 {C02: French: Advance Variation.} Na5 12. Bd2 Bb5 {[#] Strongly threatening ...Bxe2.} 13. Bxb5+ $146 ({Predecessor:} 13. Bxa5 Qxa5 14. Bxb5+ Qxb5 15. Ne3 Nxe3 16. fxe3 Be7 17. Ne1 O-O 18. Nd3 Qc4 19. a3 Qc2 20. Rc1 Qxd1 {½-½ (20) Stam,H (2016)-Van Mechelen,J (2243) Gent 2015}) 13... Qxb5 14. Na3 Qb6 (14... Qa6 $11) 15. Bxa5 (15. g4 $16 Nh6 16. h3) 15... Qxa5 $11 16. Rc1 Rxc1 17. Qxc1 Bxa3 18. bxa3 O-O 19. Qb2 Qc7 20. Rc1 Qd7 21. Qb4 Ne7 22. h4 Rc8 23. Rxc8+ Nxc8 24. h5 h6 25. Nd2 Qc7 26. Nb3 b6 27. Qb5 Kf8 28. a4 a5 29. g3 {[#]} (29. Nd2 $11) 29... Ne7 (29... Ke7 $1 $17) 30. Kg2 Nc6 31. Qd3 Kg8 32. a3 Ne7 33. Nd2 Qc6 34. Qb5 Kf8 35. Kf1 Ke8 36. Ke2 {The position is equal.} Kd7 37. Kd3 Kc7 38. Qxc6+ Kxc6 {[%mdl 4096] Endgame KN-KN} 39. Nb1 g6 40. hxg6 fxg6 41. Nc3 h5 42. Nb5 Nf5 43. Ke2 g5 44. Kf3 Nh6 45. Nd6 Kd7 46. Kg2 (46. Ke3 {is interesting.} Ng4+ 47. Kf3 Nh6) 46... Ke7 47. f3 Kf8 48. Kh3 Kg7 49. g4 hxg4+ 50. fxg4 Kf8 51. Kg3 Ng8 52. Nc8 Ke8 53. Nd6+ ({Not} 53. Nxb6 $2 Kd8 $19) 53... Kf8 54. Nc8 {Weighted Error Value: White=0.12/Black=0.10} 1/2-1/2